「小学校」を名前に含む駅 - Statistics

General Stats
  • This quiz has been taken 22 times
  • The average score is 2 of 5
Answer Stats
都道府県 Answer % Correct
東京都 赤土小学校前
81%
北海道 資生館小学校前
38%
栃木県 平石中央小学校前
33%
北海道 幌南小学校前
24%
富山県 萩浦小学校前
5%
No matching quizzes found
Score Distribution
Percent of People with Each Score
Percentile by Number Answered
Your Score History
You have not taken this quiz